[Event "Ostravský koník 2014 - FIDE Open B"]
[Site "Ostrava, CZE"]
[Date "2014.04.29"]
[Round "4"]
[White "Ramian, Zdenek"]
[Black "Melecky, Jaroslav"]
[Result "1/2-1/2"]
[WhiteElo "1775"]
[BlackElo "1973"]
[PlyCount "74"]

1. d4 d5 2. Nf3 Nf6 3. c4 c6 4. cxd5 cxd5 5. Nc3 e6 6. Bg5 Be7 7. e3 O-O 8. Bd3
Nc6 9. a3 b6 10. Qc2 h6 11. Bxf6 Bxf6 12. O-O Bb7 13. Rac1 Rc8 14. Qe2 Qe7 15.
Rc2 Na5 16. Nd2 Rfd8 17. Rfc1 e5 18. Nxd5 Qe6 19. Nxf6+ Qxf6 20. Rxc8 Bxc8 21.
b4 Nb7 22. d5 Qe7 23. e4 Nd6 24. Nc4 Qg5 25. Qe3 Qe7 26. Nxd6 Qxd6 27. Rc6 Qb8
28. Qc1 Bb7 29. Rc3 Kf8 30. Bb5 Rc8 31. Rxc8+ Bxc8 32. f3 Bb7 33. Kf2 Ke7 34.
Ke3 Qd6 35. Qc3 Kd8 36. h3 Qf6 37. Kf2 Qh4+ 1/2-1/2

[Event "Ostravský koník 2014 - FIDE Open B"]
[Site "Ostrava, CZE"]
[Date "2014.04.29"]
[Round "4"]
[White "Malinovsky, Petr"]
[Black "Kriebel, Rudolf"]
[Result "1/2-1/2"]
[WhiteElo "1969"]
[BlackElo "1889"]
[PlyCount "40"]

1. d4 Nf6 2. c4 e6 3. Nc3 d5 4. cxd5 exd5 5. Bg5 Be7 6. e3 Nbd7 7. Qc2 c6 8.
Bd3 h6 9. Bh4 g5 10. Bg3 Nh5 11. Nge2 Nxg3 12. Nxg3 Nb6 13. O-O-O Be6 14. Nf5
Bf6 15. Rhe1 Qd7 16. e4 O-O-O 17. e5 Be7 18. a3 Kb8 19. Ng7 Rhg8 20. Nxe6 fxe6
1/2-1/2

[Event "Ostravský koník 2014 - FIDE Open B"]
[Site "Ostrava, CZE"]
[Date "2014.04.29"]
[Round "4"]
[White "Pesl, Jan"]
[Black "Benes, Miroslav"]
[Result "1-0"]
[WhiteElo "1780"]
[BlackElo "2020"]
[PlyCount "43"]

1. e4 c5 2. Nc3 Nc6 3. Nf3 g6 4. Bc4 Bg7 5. O-O e6 6. d3 Nge7 7. Bg5 a6 8. a4
O-O 9. Qd2 Re8 10. Rfe1 Qc7 11. Rab1 Na5 12. e5 d6 13. exd6 Qxd6 14. Ne4 Qb6
15. Nf6+ Bxf6 16. Bxf6 Bd7 17. Qg5 Nd5 18. Bxd5 exd5 19. Ne5 Bxa4 20. Ng4 Qd6
21. Nh6+ Kf8 22. Nf5 1-0

[Event "Ostravský koník 2014 - FIDE Open B"]
[Site "Ostrava, CZE"]
[Date "2014.04.29"]
[Round "4"]
[White "Stehlik, Jiri"]
[Black "Hanak, Tomas"]
[Result "1/2-1/2"]
[WhiteElo "2017"]
[BlackElo "1757"]
[PlyCount "54"]

1. Nf3 d5 2. c4 e6 3. b3 Nf6 4. g3 Be7 5. Bg2 O-O 6. Bb2 b6 7. O-O Bb7 8. d4
Nbd7 9. cxd5 exd5 10. Nc3 a6 11. Ne5 c5 12. e3 Rc8 13. Rc1 b5 14. Nxd7 Qxd7 15.
dxc5 Rxc5 16. Ne2 Rxc1 17. Qxc1 Ne4 18. f3 Rc8 19. Qd1 Ng5 20. Qd2 Nh3+ 21. Kh1
h5 22. Nd4 h4 23. Bxh3 Qxh3 24. Qg2 Qxg2+ 25. Kxg2 hxg3 26. hxg3 Bf6 27. Rc1
Rxc1 1/2-1/2

[Event "Ostravský koník 2014 - FIDE Open B"]
[Site "Ostrava, CZE"]
[Date "2014.04.29"]
[Round "4"]
[White "Kacir, Tomas"]
[Black "Lipovsky, Tomas"]
[Result "0-1"]
[WhiteElo "1771"]
[BlackElo "2011"]
[PlyCount "58"]

1. d4 Nf6 2. c4 g6 3. Nc3 d5 4. Bg5 Ne4 5. Nxe4 dxe4 6. e3 Bg7 7. Qc2 c5 8.
O-O-O Qa5 9. Qb3 Nc6 10. d5 Ne5 11. Qb5+ Qxb5 12. cxb5 Bd7 13. b3 Rc8 14. Bc4
Nd3+ 15. Rxd3 exd3 16. Kd2 e6 17. e4 exd5 18. Bxd5 Bxb5 19. Bxb7 Rc7 20. Bd5 c4
21. bxc4 Bxc4 22. Bxc4 Rxc4 23. Kxd3 Rc3+ 24. Kd2 Ra3 25. Nf3 Rxa2+ 26. Ke3
Ra3+ 27. Ke2 Ra1 28. Rxa1 Bxa1 29. Be3 a5 0-1

[Event "Ostravský koník 2014 - FIDE Open B"]
[Site "Ostrava, CZE"]
[Date "2014.04.29"]
[Round "4"]
[White "Nisztuk, Michal"]
[Black "Borovicka, Bohumil"]
[Result "1-0"]
[WhiteElo "1762"]
[BlackElo "2000"]
[PlyCount "103"]

1. e4 e6 2. d4 d5 3. exd5 exd5 4. c4 Nf6 5. Nc3 Be7 6. cxd5 Nxd5 7. Nf3 O-O 8.
Bd3 Be6 9. O-O Nd7 10. Re1 N7f6 11. Ne5 Re8 12. f4 Qc8 13. Qf3 Nxc3 14. bxc3
Bd5 15. Qg3 b6 16. c4 Bb7 17. f5 Qd8 18. Be3 Bd6 19. Rad1 c5 20. Bh6 Bf8 21. d5
Qd6 22. Bg5 Nh5 23. Qh3 Rxe5 24. Rxe5 Qxe5 25. Qxh5 Re8 26. Bc1 Qd4+ 27. Kf1
Ba6 28. Be2 Qe4 29. Qf3 Bxc4 30. Bxc4 Qxc4+ 31. Qd3 Qxd3+ 32. Rxd3 Bd6 33. Kf2
f6 34. h3 Be5 35. g4 Bd4+ 36. Kf3 Be5 37. Ra3 Re7 38. Rb3 Kf7 39. a4 Rb7 40.
Be3 Bd6 41. Ke4 Ke7 42. Kd3 Kd7 43. Kc4 a6 44. h4 Kc7 45. g5 Rb8 46. Rb1 Re8
47. Bf2 Re4+ 48. Kd3 Rf4 49. Ke3 Rxf5 50. gxf6 Rxf6 51. Rg1 g6 52. h5 1-0

[Event "Ostravský koník 2014 - FIDE Open B"]
[Site "Ostrava, CZE"]
[Date "2014.04.29"]
[Round "4"]
[White "Holecek, Vladimir"]
[Black "Snasel, Michal"]
[Result "1-0"]
[WhiteElo "1981"]
[BlackElo "1726"]
[PlyCount "65"]

1. e4 c5 2. Nf3 d6 3. d4 cxd4 4. Nxd4 Nf6 5. Nc3 g6 6. Be3 Bg7 7. Be2 O-O 8. f3
Nc6 9. Qd2 d5 10. Nxc6 bxc6 11. Rd1 Be6 12. e5 Nd7 13. f4 f6 14. exf6 Bxf6 15.
Na4 Qc7 16. Bf3 Nb6 17. Nc5 Bc8 18. b3 e5 19. fxe5 Bxe5 20. a4 Bxh2 21. a5 Bg3+
22. Kf1 Bg4 23. axb6 axb6 24. Nd3 Rxf3+ 25. gxf3 Bxf3 26. Rh3 Rf8 27. Kg1 Bg4
28. Qg2 Bxh3 29. Qxh3 Rf3 30. Qe6+ Rf7 31. Bh6 Qd8 32. Rf1 Bh2+ 33. Kh1 1-0

[Event "Ostravský koník 2014 - FIDE Open B"]
[Site "Ostrava, CZE"]
[Date "2014.04.29"]
[Round "4"]
[White "Chrostek, Lukas"]
[Black "Kula, Dominik"]
[Result "0-1"]
[WhiteElo "1769"]
[BlackElo "1968"]
[PlyCount "38"]

1. e4 c5 2. Nc3 e6 3. g3 d5 4. exd5 exd5 5. d4 Nf6 6. Bg2 cxd4 7. Qxd4 Nc6 8.
Qd3 Nb4 9. Qe2+ Qe7 10. Kd1 Bf5 11. Qb5+ Nc6 12. Nf3 O-O-O 13. Bd2 Qd7 14. Re1
d4 15. Na4 Bxc2+ 16. Ke2 Ng4 17. a3 Bd6 18. Nb6+ axb6 19. Qxb6 Qf5 0-1

[Event "Ostravský koník 2014 - FIDE Open B"]
[Site "Ostrava, CZE"]
[Date "2014.04.29"]
[Round "4"]
[White "Kopta, Jiri"]
[Black "Rychtecky, Pavel"]
[Result "1-0"]
[WhiteElo "1960"]
[BlackElo "1717"]
[PlyCount "77"]

1. e4 d5 2. exd5 Qxd5 3. Nc3 Qd6 4. d4 Nf6 5. Nf3 Bg4 6. h3 Bh5 7. g4 Bg6 8.
Ne5 a6 9. Bg2 c6 10. Bf4 Qd8 11. Qd2 e6 12. h4 h5 13. Nxg6 fxg6 14. g5 Nd5 15.
Nxd5 cxd5 16. Qd3 Kf7 17. Bh3 Qd7 18. O-O-O Nc6 19. Rhe1 Re8 20. Re3 Nb4 21.
Qb3 Bd6 22. Bg3 Re7 23. Rf3+ Kg8 24. c3 Nc6 25. Re1 Kh7 26. Rfe3 Nd8 27. Kb1
Bxg3 28. fxg3 Rhe8 29. Qc2 Qd6 30. Qe2 b5 31. g4 hxg4 32. Bxg4 Qf4 33. Rf1 Qd6
34. h5 e5 35. hxg6+ Kg8 36. Bf5 Ne6 37. Bxe6+ Rxe6 38. Qh5 Rxg6 39. Rh3 1-0

[Event "Ostravský koník 2014 - FIDE Open B"]
[Site "Ostrava, CZE"]
[Date "2014.04.29"]
[Round "4"]
[White "Tylecek, Drahomir"]
[Black "Kabelka, Ondrej"]
[Result "0-1"]
[WhiteElo "1942"]
[BlackElo "1697"]
[PlyCount "54"]

1. e4 e6 2. d4 d5 3. e5 c5 4. c3 Nc6 5. Nf3 Qb6 6. Bd3 Bd7 7. O-O cxd4 8. cxd4
Nge7 9. Nc3 Nxd4 10. Nxd4 Qxd4 11. Nb5 Qxe5 12. g3 Bxb5 13. Bxb5+ Nc6 14. Bf4
Qe4 15. Re1 Qb4 16. Qxd5 Rc8 17. Rxe6+ Be7 18. Rxc6 bxc6 19. Bxc6+ Kf8 20. Bd7
Rd8 21. Bc7 g6 22. Bxd8 Bxd8 23. Rd1 Kg7 24. Rd2 Bf6 25. b3 Rd8 26. Re2 h5 27.
Qc6 Qd4 0-1

[Event "Ostravský koník 2014 - FIDE Open B"]
[Site "Ostrava, CZE"]
[Date "2014.04.29"]
[Round "4"]
[White "Kusak, Lubomir"]
[Black "Lamser, Tomas"]
[Result "1-0"]
[WhiteElo "1685"]
[BlackElo "1941"]
[PlyCount "63"]

1. e4 d6 2. c4 Nf6 3. Nc3 c5 4. f4 Nc6 5. Nf3 g6 6. d4 cxd4 7. Nxd4 Bg7 8. Nxc6
bxc6 9. Be2 Qb6 10. Bf3 Be6 11. Qe2 Nd7 12. Be3 Qb4 13. e5 Bxc4 14. Qd2 Rc8 15.
a3 Qb8 16. exd6 exd6 17. Bd4 Nf6 18. Qe3+ Kf8 19. O-O-O c5 20. Bxf6 Bxf6 21.
Bd5 Re8 22. Qd2 Bd4 23. Rhe1 Bxd5 24. Nxd5 Kg7 25. f5 f6 26. g4 Qb3 27. Nf4 Be3
28. Rxe3 Rxe3 29. Ne6+ Kf7 30. Qxd6 Rxe6 31. fxe6+ Qxe6 32. Qc7+ 1-0

[Event "Ostravský koník 2014 - FIDE Open B"]
[Site "Ostrava, CZE"]
[Date "2014.04.29"]
[Round "4"]
[White "Repak, Jan"]
[Black "Chromik, Tomas"]
[Result "1-0"]
[WhiteElo "1679"]
[BlackElo "1939"]
[PlyCount "104"]

1. Nf3 d5 2. c4 d4 3. b4 a5 4. b5 c6 5. a4 Nf6 6. Bb2 c5 7. e3 dxe3 8. fxe3 Bg4
9. Be2 Nbd7 10. O-O Qc7 11. Nc3 e6 12. Rc1 Bd6 13. h3 Bh5 14. d4 cxd4 15. exd4
Bf4 16. Rc2 Be3+ 17. Kh1 Bg6 18. Bd3 Nh5 19. Ne2 Nf4 20. Nxf4 Bxf4 21. c5 O-O
22. Qe2 Nf6 23. g4 Nd5 24. Bxg6 hxg6 25. Bc1 Bg3 26. Ne5 Bh4 27. Qf3 Bf6 28.
Bf4 Nxf4 29. Qxf4 Rfd8 30. g5 Bxe5 31. Qxe5 Qxe5 32. dxe5 Rac8 33. Rfc1 Rd4 34.
Rc4 Rd3 35. Kh2 Rd2+ 36. Kg3 Rd3+ 37. Kg4 Kf8 38. c6 bxc6 39. Rxc6 Rcd8 40. Rc8
Ke8 41. R1c4 Rxc8 42. Rxc8+ Kd7 43. Rc4 Rb3 44. h4 Kd8 45. Rf4 Ke8 46. Re4 Rb4
47. Kf4 Rb3 48. Rd4 Ke7 49. Ke4 f5+ 50. gxf6+ gxf6 51. exf6+ Kxf6 52. Rc4 Rh3
1-0

[Event "Ostravský koník 2014 - FIDE Open B"]
[Site "Ostrava, CZE"]
[Date "2014.04.29"]
[Round "4"]
[White "Alexandr, Petr"]
[Black "Kozelsky, Marek"]
[Result "1/2-1/2"]
[WhiteElo "1666"]
[BlackElo "1933"]
[PlyCount "84"]

1. b4 d5 2. Bb2 Qd6 3. a3 e5 4. Nf3 Nd7 5. e3 Ngf6 6. Be2 Be7 7. O-O O-O 8. c4
c6 9. Qc2 e4 10. c5 Qc7 11. Nd4 Ne5 12. f4 exf3 13. Bxf3 Nfg4 14. Bxg4 Nxg4 15.
Nf3 f6 16. Nc3 Be6 17. Ne2 Bf7 18. Ng3 Rfe8 19. Bd4 a6 20. Rae1 Bg6 21. d3 Rad8
22. Qd1 Ne5 23. Bxe5 fxe5 24. d4 exd4 25. exd4 Bf6 26. Rxe8+ Rxe8 27. Re1 Re7
28. Rxe7 Qxe7 29. Qe2 Qxe2 30. Nxe2 Kf7 31. Kf2 Bh5 32. Neg1 Ke6 33. Ke3 Kf5
34. h3 Bxf3 35. Nxf3 h5 36. g3 Bg5+ 37. Nxg5 Kxg5 38. Kf3 Kf5 39. g4+ Kg5 40.
Kg3 h4+ 41. Kf3 Kf6 42. Kf4 g5+ 1/2-1/2

[Event "Ostravský koník 2014 - FIDE Open B"]
[Site "Ostrava, CZE"]
[Date "2014.04.29"]
[Round "4"]
[White "Havelka, Ondrej"]
[Black "Kosar ml., Mikulas"]
[Result "0-1"]
[WhiteElo "1661"]
[BlackElo "1896"]
[PlyCount "64"]

1. d4 d5 2. c4 e6 3. Nc3 Nf6 4. Bg5 Nbd7 5. Nf3 c6 6. e3 Bb4 7. cxd5 exd5 8.
Bd3 h6 9. Bh4 O-O 10. O-O Bd6 11. Qc2 Re8 12. Rad1 g5 13. Bg3 Bxg3 14. hxg3 Qe7
15. Rfe1 Ne4 16. Nd2 Nxd2 17. Qxd2 Nf6 18. f3 Kg7 19. e4 dxe4 20. fxe4 Qb4 21.
Bb1 Rd8 22. d5 Ng4 23. Rf1 cxd5 24. exd5 Qc5+ 25. Kh1 Qe3 26. Qc2 f5 27. Rf3
Qe5 28. Nb5 Bd7 29. Nc3 Qe8 30. Kg1 Qh5 31. Rxf5 Qh2+ 32. Kf1 Ne3+ 0-1

[Event "Ostravský koník 2014 - FIDE Open B"]
[Site "Ostrava, CZE"]
[Date "2014.04.29"]
[Round "4"]
[White "Veselsky, Jan"]
[Black "Tyn, Marek"]
[Result "1/2-1/2"]
[WhiteElo "1655"]
[BlackElo "1878"]
[PlyCount "49"]

1. d4 Nf6 2. c4 e6 3. Nc3 b6 4. Nf3 Bb7 5. Bg5 Be7 6. e3 O-O 7. Bd3 d5 8. Rc1
Nbd7 9. O-O c5 10. cxd5 Nxd5 11. Bxe7 Qxe7 12. Bb1 cxd4 13. exd4 Nxc3 14. Rxc3
Rfc8 15. Qd3 Nf8 16. Rfc1 Rxc3 17. Rxc3 Rc8 18. Ne5 Qg5 19. f3 Rxc3 20. Qxc3 f6
21. Nc4 Qf4 22. Nd2 h5 23. Be4 Ba6 24. Nc4 b5 25. Ne3 1/2-1/2

[Event "Ostravský koník 2014 - FIDE Open B"]
[Site "Ostrava, CZE"]
[Date "2014.04.29"]
[Round "4"]
[White "Chlebek, Jan"]
[Black "Novak, Borivoj"]
[Result "0-1"]
[WhiteElo "1543"]
[BlackElo "1844"]
[PlyCount "116"]

1. e4 c5 2. Nf3 d6 3. d4 cxd4 4. Nxd4 Nf6 5. Nc3 g6 6. Bc4 Bg7 7. f3 Nc6 8. Be3
O-O 9. Qd2 a6 10. O-O Bd7 11. a4 Rc8 12. Bb3 Ne5 13. Kh1 Nc4 14. Bxc4 Rxc4 15.
Qd3 Qc7 16. a5 Rc8 17. Nde2 e6 18. Bb6 Qb8 19. f4 d5 20. e5 Ne4 21. Nxe4 Rxe4
22. Nc3 Rec4 23. Rad1 Rxc3 24. bxc3 Bb5 25. Qg3 Bxf1 26. Rxf1 Rc4 27. Rb1 Qc8
28. Rb3 Bh6 29. Bd4 Ra4 30. h3 Rxa5 31. f5 Ra1+ 32. Kh2 Rf1 33. Qh4 Bf8 34. f6
b5 35. Rb2 Qc4 36. Qg3 Bh6 37. Be3 Bxe3 38. Qxe3 Qf4+ 39. Qxf4 Rxf4 40. Ra2 Ra4
41. Rb2 h5 42. Kg3 g5 43. Rb4 Ra2 44. h4 g4 45. Kf4 Rxc2 46. Rb3 Rxg2 47. Ra3
Kh7 48. Rxa6 Kg6 49. Ra8 Rf2+ 50. Ke3 Rf3+ 51. Ke2 Kf5 52. Rf8 Kxe5 53. Rxf7
Rxf6 54. Rb7 g3 55. Rg7 Kf4 56. Kf1 Kf3 57. Kg1 Rf4 58. Rg5 Rc4 0-1

[Event "Ostravský koník 2014 - FIDE Open B"]
[Site "Ostrava, CZE"]
[Date "2014.04.29"]
[Round "4"]
[White "Mrazek, Roman"]
[Black "Bartos, Michal"]
[Result "1-0"]
[WhiteElo "1842"]
[BlackElo "1960"]
[PlyCount "65"]

1. d4 Nf6 2. Nf3 d5 3. c4 e6 4. Bg5 Be7 5. e3 O-O 6. Bd3 Nbd7 7. O-O h6 8. Bxf6
Nxf6 9. Ne5 c5 10. cxd5 exd5 11. Nc3 cxd4 12. exd4 a6 13. Rc1 Qd6 14. Re1 Nh7
15. Qc2 f5 16. Nxd5 Bd8 17. Nf4 Ng5 18. Bc4+ Kh7 19. Qa4 Rb8 20. Neg6 b5 21.
Nxf8+ Qxf8 22. Qb3 Ba5 23. Re2 Qd6 24. Bg8+ Kh8 25. Ne6 Ne4 26. Nxg7 Bc7 27. g3
Bb6 28. Ne6 Bb7 29. Bf7 Bd5 30. Qe3 Kh7 31. Rec2 Bxe6 32. Bxe6 Bxd4 33. Bxf5+
1-0

[Event "Ostravský koník 2014 - FIDE Open B"]
[Site "Ostrava, CZE"]
[Date "2014.04.29"]
[Round "4"]
[White "Safarik, Roman"]
[Black "Mikulencak, Jan"]
[Result "1/2-1/2"]
[WhiteElo "1739"]
[BlackElo "1834"]
[PlyCount "104"]

1. d4 d5 2. c4 c6 3. cxd5 cxd5 4. Nc3 Nf6 5. Nf3 g6 6. e3 Bg7 7. Be2 O-O 8. O-O
Nbd7 9. Ne5 Nb6 10. f4 Ne8 11. a4 Bxe5 12. fxe5 a5 13. b3 Bf5 14. Bd3 Bxd3 15.
Qxd3 f6 16. e4 dxe4 17. Qxe4 Rc8 18. Rf3 f5 19. Qh4 e6 20. Bg5 Qd7 21. Rd1 Nd5
22. Qg3 Nec7 23. Bh6 Nxc3 24. Rxc3 Nd5 25. Rf3 Rfe8 26. h4 Rc2 27. h5 Qf7 28.
hxg6 hxg6 29. Qh2 Qh7 30. Rh3 Rc3 31. Rxc3 Nxc3 32. Rd3 Nd5 33. Rh3 Rc8 34. Bf8
Rc1+ 35. Kf2 Rc2+ 36. Ke1 Qxh3 37. Qxh3 Kxf8 38. Qh6+ Kf7 39. Qh7+ Ke8 40.
Qxg6+ Kd7 41. Qg7+ Kc6 42. Qf8 Kb6 43. Qd6+ Rc6 44. Qd8+ Ka6 45. Kd2 Nb4 46.
Ke2 Nd5 47. Kf2 Rc2+ 48. Kg1 Nf4 49. Qd6+ Rc6 50. Qf8 Nd5 51. g3 Rc3 52. Qd6+
Rc6 1/2-1/2

[Event "Ostravský koník 2014 - FIDE Open B"]
[Site "Ostrava, CZE"]
[Date "2014.04.29"]
[Round "4"]
[White "Sumsal, Vaclav"]
[Black "Cubok, Milan"]
[Result "0-1"]
[WhiteElo "1657"]
[BlackElo "1824"]
[PlyCount "104"]

1. d4 d5 2. Bf4 Nf6 3. e3 e6 4. c3 Bd6 5. Bxd6 Qxd6 6. Nd2 b6 7. Bd3 c5 8. Rc1
Nbd7 9. Ngf3 Bb7 10. O-O O-O 11. h3 Rfe8 12. Re1 e5 13. dxe5 Nxe5 14. Nxe5 Qxe5
15. Nf3 Qh5 16. Nh2 Qxd1 17. Rcxd1 c4 18. Bc2 g6 19. g4 h6 20. Nf1 b5 21. a4 a6
22. Ra1 Kg7 23. Ng3 Bc6 24. Ne2 bxa4 25. Bxa4 Bxa4 26. Rxa4 Reb8 27. Ra2 Rb6
28. f3 Rab8 29. Rb1 Nd7 30. Nf4 Nf6 31. h4 g5 32. hxg5 hxg5 33. Nh3 Kg6 34. Kg2
Ne8 35. Nf2 Nc7 36. e4 f6 37. exd5 Nxd5 38. Ne4 Nf4+ 39. Kg3 Rh8 40. Rba1 a5
41. Rb1 Rb5 42. Ra4 Rh3+ 43. Kf2 Rh2+ 44. Ke3 Rd5 45. Ng3 Rg2 46. Rxc4 Rd3+ 47.
Ke4 Rxg3 48. Rf1 Rg2 49. Re1 Rxb2 50. Re3 Rdd2 51. Rd4 Ne6 52. Kd5 Nxd4 0-1

[Event "Ostravský koník 2014 - FIDE Open B"]
[Site "Ostrava, CZE"]
[Date "2014.04.29"]
[Round "4"]
[White "Odstrcil, Lukas"]
[Black "Mejzr, Jan"]
[Result "0-1"]
[WhiteElo "1220"]
[BlackElo "1798"]
[PlyCount "88"]

1. e4 c5 2. Nf3 e6 3. d4 cxd4 4. Nxd4 a6 5. Be2 Qc7 6. Nc3 Nc6 7. O-O Nf6 8. f4
Nxd4 9. Kh1 Nxe2 10. Qxe2 Bb4 11. Bd2 Qc6 12. Rae1 b5 13. a3 Bxc3 14. Bxc3 Bb7
15. Bxf6 gxf6 16. Rf3 Qc4 17. Qxc4 bxc4 18. Rc3 d5 19. b3 Rc8 20. exd5 Bxd5 21.
bxc4 Rg8 22. Re2 Rg4 23. f5 Rgxc4 24. Rxc4 Bxc4 25. Re1 e5 26. Re3 Bd5 27. Re2
Bb3 28. h3 Bxc2 29. g4 e4 30. Kg1 Bd3 31. Rd2 Rc1+ 32. Kf2 Ra1 33. Kg3 Rxa3 34.
Kh4 e3 35. Rd1 e2 36. Re1 Rb3 37. Kh5 Rb1 38. Rxe2+ Bxe2 39. Kh6 Rh1 40. h4
Rxh4+ 41. Kg7 Ke7 42. Kg8 Rxg4+ 43. Kxh7 Kf8 44. Kh6 Rh4# 0-1

[Event "Ostravský koník 2014 - FIDE Open B"]
[Site "Ostrava, CZE"]
[Date "2014.04.29"]
[Round "4"]
[White "Berka, Lubos"]
[Black "Halacz, Martin"]
[Result "0-1"]
[WhiteElo "1793"]
[BlackElo "1000"]
[PlyCount "78"]

1. e4 d5 2. e5 c5 3. h3 Nc6 4. f4 g6 5. Bb5 e6 6. Nf3 Nge7 7. c3 Bd7 8. d4 Bg7
9. dxc5 Nxe5 10. Be2 Nxf3+ 11. Bxf3 Nf5 12. Qc2 Ng3 13. Rg1 Qc7 14. Qf2 Ne4 15.
Qe3 Nxc5 16. Na3 Na4 17. Kf2 Nxc3 18. bxc3 Bxc3 19. Rb1 Ba5 20. Bb2 O-O 21. Be5
Qd8 22. Bd4 Qh4+ 23. g3 Qe7 24. Bc5 Qd8 25. Bxf8 Qxf8 26. Nc2 d4 27. Nxd4 Bb6
28. Rxb6 axb6 29. Qb3 Qc5 30. Qb2 Ra4 31. Rd1 Bc6 32. Kg2 Bd5 33. Nb3 Bxf3+ 34.
Kxf3 Qh5+ 35. Ke3 Qxd1 36. Nd2 Qg1+ 37. Kf3 Qd4 38. Qc2 Qd5+ 39. Ke2 Rxa2 0-1

[Event "Ostravský koník 2014 - FIDE Open B"]
[Site "Ostrava, CZE"]
[Date "2014.04.29"]
[Round "4"]
[White "Novacek, Pavel"]
[Black "Stonavsky, Filip"]
[Result "1-0"]
[WhiteElo "1979"]
[BlackElo "1558"]
[PlyCount "106"]

1. e4 c5 2. Nf3 d6 3. d4 cxd4 4. Nxd4 Nf6 5. Nc3 Nc6 6. Be2 e6 7. O-O Be7 8.
Nb3 O-O 9. Kh1 a6 10. a4 Qc7 11. f4 b6 12. Bf3 Bb7 13. Be3 Rfd8 14. Qe2 Rab8
15. Bf2 Nb4 16. Bg3 Rbc8 17. Rad1 Qc4 18. Rfe1 d5 19. Rd4 Qxe2 20. Rxe2 Nxe4
21. Nxe4 dxe4 22. Bxe4 Bxe4 23. Rdxe4 Rd1+ 24. Re1 Rxe1+ 25. Rxe1 Rxc2 26. f5
Rxb2 27. Nd4 e5 28. Rxe5 Rb1+ 29. Re1 Rxe1+ 30. Bxe1 Nd3 31. Bd2 Bc5 32. Nb3
Bf2 33. g3 Kf8 34. Kg2 Bc5 35. Kf3 Ne5+ 36. Ke4 Nd7 37. Kd5 Ke7 38. Nxc5 Nxc5
39. Bb4 Kf6 40. Bxc5 bxc5 41. Kxc5 Ke5 42. a5 f6 43. g4 g6 44. Kb6 Kd6 45. Kxa6
Kc6 46. g5 gxf5 47. gxf6 Kd7 48. Kb6 f4 49. f7 Ke7 50. f8=Q+ Kxf8 51. a6 Ke7
52. a7 Ke6 53. a8=Q Ke5 1-0

[Event "Ostravský koník 2014 - FIDE Open B"]
[Site "Ostrava, CZE"]
[Date "2014.04.29"]
[Round "4"]
[White "Volcik, Milan"]
[Black "Kubeczka, Ales"]
[Result "0-1"]
[WhiteElo "1670"]
[BlackElo "2069"]
[PlyCount "54"]

1. e4 c6 2. d4 d5 3. Nc3 dxe4 4. Nxe4 Nf6 5. Nxf6+ gxf6 6. Bf4 Qd5 7. Bg3 h5 8.
Nf3 Bg4 9. Be2 Nd7 10. h3 Bf5 11. Nh4 Be4 12. O-O Qg5 13. b3 f5 14. Re1 Nf6 15.
Qc1 Qxc1 16. Raxc1 Bh6 17. Ra1 Bxc2 18. Be5 O-O-O 19. g3 Bg5 20. Ng2 h4 21. g4
fxg4 22. Bxg4+ Nxg4 23. Bxh8 Rxh8 24. hxg4 h3 25. f4 Bf6 26. Ne3 h2+ 27. Kf2
Bh4+ 0-1

[Event "Ostravský koník 2014 - FIDE Open B"]
[Site "Ostrava, CZE"]
[Date "2014.04.29"]
[Round "4"]
[White "Brzezny, Petr"]
[Black "Ling, Bronislav"]
[Result "1/2-1/2"]
[WhiteElo "1618"]
[BlackElo "1981"]
[PlyCount "67"]

1. c4 c5 2. g3 Nf6 3. Nc3 e6 4. Bg2 Be7 5. e3 O-O 6. Nge2 d6 7. O-O a6 8. d4
cxd4 9. exd4 Qc7 10. b3 Nbd7 11. Bb2 Rb8 12. Rc1 b6 13. Re1 Bb7 14. d5 e5 15.
Ba3 Rbd8 16. Qd3 Qb8 17. Ne4 Nxe4 18. Bxe4 Nf6 19. Bg2 Bc8 20. Nd4 Rfe8 21. Nc6
Qc7 22. b4 g6 23. Bb2 Nh5 24. a4 Bg5 25. Ra1 f5 26. a5 e4 27. Qa3 Bf6 28. b5
bxa5 29. Bxf6 Nxf6 30. Qxa5 Qxa5 31. Rxa5 axb5 32. Rxb5 Ba6 33. Rb4 Nd7 34. Bf1
1/2-1/2

[Event "Ostravský koník 2014 - FIDE Open B"]
[Site "Ostrava, CZE"]
[Date "2014.04.29"]
[Round "4"]
[White "Benes, Jaroslav"]
[Black "Sobek, Martin"]
[Result "0-1"]
[WhiteElo "1586"]
[BlackElo "1946"]
[PlyCount "48"]

1. e4 c5 2. Nf3 Nc6 3. d4 cxd4 4. Nxd4 g6 5. Be3 Bg7 6. Bc4 Nf6 7. Nc3 O-O 8.
Qd2 Ng4 9. O-O-O Nxe3 10. fxe3 Ne5 11. Bb3 d6 12. h3 Bd7 13. Kb1 Rc8 14. g4 a6
15. Rhg1 b5 16. Qe2 b4 17. Nd5 a5 18. a3 e6 19. Nf4 a4 20. Ba2 bxa3 21. bxa3
Rb8+ 22. Ka1 Qa5 23. Qe1 Qc5 24. Qe2 Qc3# 0-1

[Event "Ostravský koník 2014 - FIDE Open B"]
[Site "Ostrava, CZE"]
[Date "2014.04.29"]
[Round "4"]
[White "Bok, Zdenek"]
[Black "Müller, Leo"]
[Result "0-1"]
[WhiteElo "1502"]
[BlackElo "1873"]
[PlyCount "76"]

1. f4 d5 2. d4 Bf5 3. Nf3 e6 4. e3 Nf6 5. Bd3 Ne4 6. O-O c5 7. c3 Nc6 8. Nbd2
Be7 9. Bxe4 dxe4 10. Ne5 Nxe5 11. fxe5 b5 12. Rf2 Bh4 13. g3 Be7 14. Qf1 Qb6
15. Qg2 Qc6 16. b3 cxd4 17. cxd4 Qc3 18. Nxe4 Qxa1 19. Nf6+ gxf6 20. Qxa8+ Bd8
21. Qc6+ Kf8 22. Rf1 Kg7 23. Qf3 fxe5 24. g4 Bg6 25. h4 Bxh4 26. Ba3 Qxa2 27.
Bd6 f5 28. Bxe5+ Bf6 29. Bf4 h6 30. gxf5 exf5 31. Qb7+ Bf7 32. Rf2 Qb1+ 33. Kh2
Qxb3 34. Rg2+ Kh7 35. Qf3 Qd5 36. Qh3 h5 37. Bg5 Bxg5 38. Rxg5 Bg6 0-1

[Event "Ostravský koník 2014 - FIDE Open B"]
[Site "Ostrava, CZE"]
[Date "2014.04.29"]
[Round "4"]
[White "Bergloviec, Jan"]
[Black "Sramek, Vojtech"]
[Result "1-0"]
[WhiteElo "1869"]
[BlackElo "1580"]
[PlyCount "97"]

1. d4 d5 2. Nf3 Nf6 3. c4 e6 4. Bg5 c6 5. e3 Nbd7 6. Nc3 Qa5 7. Bxf6 Nxf6 8.
Qc2 Be7 9. Bd3 O-O 10. O-O Qc7 11. Ne5 h6 12. f4 Nd7 13. cxd5 Nxe5 14. fxe5 Bg5
15. Rf3 cxd5 16. Qf2 Bd7 17. h4 Be7 18. Rf1 f6 19. Qg3 f5 20. Rc1 Qb6 21. Rc2
Rac8 22. Rf1 Qd8 23. h5 Bg5 24. Qf3 Qe7 25. Rfc1 Bc6 26. a3 Qe8 27. Ne2 Qd7 28.
Nf4 Ba4 29. Rxc8 Rxc8 30. Qf1 Qd8 31. g3 Bxf4 32. exf4 Rxc1 33. Qxc1 Qb6 34.
Qc3 Bd1 35. Kf2 Bxh5 36. Ke3 Qd8 37. Qc5 Qb6 38. b4 Qxc5 39. dxc5 Be8 40. b5 g5
41. fxg5 hxg5 42. a4 a6 43. c6 Bxc6 44. bxc6 bxc6 45. Bxa6 c5 46. a5 c4 47. Bb5
f4+ 48. gxf4 g4 49. a6 1-0

[Event "Ostravský koník 2014 - FIDE Open B"]
[Site "Ostrava, CZE"]
[Date "2014.04.29"]
[Round "4"]
[White "Smrek, Dusan"]
[Black "Cyron, Karel"]
[Result "0-1"]
[WhiteElo "1815"]
[BlackElo "1792"]
[PlyCount "96"]

1. d4 Nf6 2. c4 c5 3. d5 b5 4. cxb5 a6 5. bxa6 g6 6. Nc3 Bxa6 7. e4 Bxf1 8.
Kxf1 d6 9. Nf3 Nbd7 10. g3 Bg7 11. Kg2 O-O 12. h3 Qa5 13. Re1 Rfd8 14. Re2 Nb6
15. Qd3 c4 16. Qc2 Nfd7 17. Be3 Na4 18. Nd4 Ne5 19. f4 Nxc3 20. bxc3 Nd3 21.
Rb1 Bxd4 22. Bxd4 Rdb8 23. Rd2 Rb5 24. a4 Rxb1 25. Qxb1 Qxa4 26. e5 Qd7 27. Ra2
Rc8 28. Ra7 Qf5 29. Qd1 Qe4+ 30. Kh2 Rb8 31. Ra2 Qxd5 32. exd6 exd6 33. Qh1
Qxh1+ 34. Kxh1 Rb1+ 35. Kg2 Rb2+ 36. Rxb2 Nxb2 37. Kf3 f5 38. Ke3 Kf7 39. Bh8
Ke6 40. Kf3 Kd5 41. Bg7 Na4 42. Ke3 Nc5 43. Bd4 h5 44. h4 Ne4 45. Kf3 Kc6 46.
Bg7 Kb5 47. Bh8 Ka4 48. Ke3 Kb3 0-1